Statistics for Canadian Provinces and Territories by Population (with hint)

Click here to take the quiz!

General Stats

  • This quiz has been taken 81 times
  • The average score is 11 of 13

Answer Stats

PopulationHintAnswer% Correct
14,566,547OOntario
100%
8,484,965QQuebec
100%
4,371,316AAlberta
96%
1,369,465MManitoba
96%
5,071,336BBritish Columbia
93%
1,174,462SSaskatchewan
87%
971,395NNova Scotia
84%
776,827NNew Brunswick
80%
156,947PPrince Edward Island
75%
521,542NNewfoundland and Labrador
73%
40,854YYukon
71%
44,826NNorthwest Territories
67%
38,780NNunavut
65%

Score Distribution

Percentile by Number Answered

Percent of People with Each Score

Your Score History

You have not taken this quiz